Живые ресурсы пелагиали и бентали Баренцева моря в районе обустройства и эксплуатации Штокмановского газоконденсатного месторождения (ГКМ) (Запись № 138976)

Подробности
000 -МАРКЕР
контрольное поле 01557nam0a2200313 4500
001 - ИДЕНТИФИКАТОР ЗАПИСИ
контрольное поле RU\NLR\bibl\29012
005 - ИДЕНТИФИКАТОР ВЕРСИИ
контрольное поле 20260408064700.0
021 ## - НОМЕР ГОСУДАРСТВЕННОЙ РЕГИСТРАЦИИ
Код страны Российская Федерация
Номер 98-1742
Номер Листа государственной регистраци 85
035 ## - ДРУГИЕ СИСТЕМНЫЕ НОМЕРА
Идентификатор записи (NLR Aleph) 000028270
100 ## - ДАННЫЕ ОБЩЕЙ ОБРАБОТКИ
Данные общей обработки 19990521d1997 |||y0rusy50 ca
101 0# - ЯЗЫК РЕСУРСА
Язык текста, звукозаписи и т.д. русский
102 ## - СТРАНА ПУБЛИКАЦИИ ИЛИ ПРОИЗВОДСТВА
Страна публикации Российская Федерация
105 ## - ПОЛЕ КОДИРОВАННЫХ ДАННЫХ: ТЕКСТОВЫЕ МАТЕРИАЛЫ, МОНОГРАФИЧЕСКИЕ
Кодированные данные о монографическом текстовом документе a |||||||||
200 1# - ЗАГЛАВИЕ И СВЕДЕНИЯ ОБ ОТВЕТСТВЕННОСТИ
Основное заглавие Живые ресурсы пелагиали и бентали Баренцева моря в районе обустройства и эксплуатации Штокмановского газоконденсатного месторождения (ГКМ)
Первые сведения об ответственности Гос. Ком. Рос. Федерации по рыболовству, Поляр. НИИ мор. рыб. хоз-ва и океанографии им. Н.М. Книповича (ПИНРО)
Последующие сведения об ответственности [Сост.: В.С. Баканев и др.]
210 ## - ПУБЛИКАЦИЯ, РАСПРОСТРАНЕНИЕ И ДР.
Место издания, распространения и т.д. Мурманск
Имя издателя, распространителя и т. д. Изд-во ПИНРО
Дата издания, распространения и т.д. 1997
215 ## - ФИЗИЧЕСКАЯ ХАРАКТЕРИСТИКА
Специфическое обозначение материала и объем 82 с.
Другие сведения о физической характеристике ил.
Размеры 20
606 1# - НАИМЕНОВАНИЕ ТЕМЫ КАК ПРЕДМЕТ
Наименование темы Биологические ресурсы
Географический подзаголовок Баренцево море
Системный номер авторитетной/нормативной записи 1194535
Идентификатор авторитетной/нормативной записи RU\NLR\AUTH\66164747
686 ## - ИНДЕКСЫ ДРУГИХ КЛАССИФИКАЦИЙ
Индекс П722.09(912)
702 #1 - ИМЯ ЛИЦА - ВТОРИЧНАЯ ОТВЕТСТВЕННОСТЬ
Начальный элемент ввода Баканев
Часть имени, кроме начального элемента ввода В. С.
Код отношения Составитель
712 02 - НАИМЕНОВАНИЕ ОРГАНИЗАЦИИ - ВТОРИЧНАЯ ОТВЕТСТВЕННОСТЬ
Код отношения Прочие
Начальный элемент ввода Полярный НИИ морского рыбного хозяйства и океанографии им. Н. М. Книповича
Идентифицирующий признак Мурманск
Идентификатор авторитетной/нормативной записи RU\NLR\AUTH\8810042692
Системный номер авторитетной/нормативной записи 584826
801 #0 - ИСТОЧНИК ЗАПИСИ
Страна Российская Федерация
Организация NLR
Дата составления 19990521
Правила каталогизации PSBO
801 #1 - ИСТОЧНИК ЗАПИСИ
Страна Российская Федерация
Организация NLR
Дата составления 19990521
852 ## - МЕСТОНАХОЖДЕНИЕ И ШИФР ХРАНЕНИЯ
Идентификатор организации NLR
Шифр хранения (Call Number) 98-3/11270
942 ## - ДОПОЛНИТЕЛЬНЫЕ ЭЛЕМЕНТЫ ЗАПИСИ (АБИС)
Тип экземпляра АБИС Книга
980 ## - КОЛЛЕКЦИЯ
Название коллекции Национальная библиография
Экземпляры
Тип экземпляра Дата поступления Библиотека постоянного хранения Библиотека текущего хранения Место хранения Шифр хранения Штрих-код Статус экземпляра
Книга 26.10.2013 РНБ (Московский) РНБ (Московский) Русский книжный фонд: издания с 1957 года 98-3/11270 28270-10